000 00714nam a2200181Ia 4500
008 100920s9999 xx 000 0 und d
082 _b104925
_a28 व 891,43 न 09
100 _aइन्दुरख्या नर्मदाप्रसाद.
245 _aझण्डे भी बोलते है.
260 _bराकेश साहित्य भंण्डार,जबलपूर( म.प्र).
_c2009
300 _a16
_bसाधी
365 _b25
520 _aबा.वि.हिंदी.
630 _aझण्डे भी बोलते है.
650 _aबा.वि.हिंदी.
730 _aझण्डे भी बोलते है.
942 _cBOOK
999 _c745356
_d745353